Técnicas de entrenamiento: teoría y páctica de los deportes
محفوظ في:
| المؤلفون الرئيسيون: | , |
|---|---|
| التنسيق: | كتاب |
| اللغة: | الإسبانية |
| منشور في: |
Barcelona
Martínez Roca
1986
|
| سلاسل: | Deportes Técnica
|
| الموضوعات: | |
| الوسوم: |
إضافة وسم
لا توجد وسوم, كن أول من يضع وسما على هذه التسجيلة!
|
MARC
| LEADER | 00000nam a2200000 a 4500 | ||
|---|---|---|---|
| 001 | UCW3369 | ||
| 003 | CL-VaPUC | ||
| 008 | 880801e19860000SP |||||||||||||||||spa|d | ||
| 082 | 0 | 4 | |a 796.077 |b GRO |2 21 |
| 100 | |a Grosser, Manfred |e author |9 477883 | ||
| 700 | 0 | |a Neumaier, August |e author |9 307556 | |
| 245 | 1 | 0 | |a Técnicas de entrenamiento: teoría y páctica de los deportes |
| 300 | |a 162 p | ||
| 942 | |c BK | ||
| 945 | |d 19880801 00:00:00 |a rbrito | ||
| 260 | |a Barcelona |b Martínez Roca |c 1986 | ||
| 650 | 7 | |a ENTRENAMIENTO ATLETICO |2 CL-VaPUC |9 307557 | |
| 583 | |a last modification |c 19880801 00:00:00 |k Rodrigo Vera | ||
| 490 | 0 | |a Deportes Técnica | |
| 999 | |c 217417 |d 217415 | ||
| 952 | |0 0 |1 0 |4 0 |6 796_077000000000000_GRO_1986 |7 0 |8 A |9 204923 |a BIBEDU |b BIBEDU |d 2019-11-15 |i 2727781 |o 796.077 GRO 1986 |p 2727781 |r 2019-11-15 |w 2019-11-15 |y BK |k EDU | ||
| 952 | |0 0 |1 0 |4 0 |6 796_077000000000000_GRO_1986 |7 0 |8 A |9 204924 |a BIBEDU |b BIBEDU |d 2019-11-15 |i 2958228 |o 796.077 GRO 1986 |p 2958228 |r 2019-11-15 |w 2019-11-15 |y BK |k EPE | ||